20 Most Famous Cities in Nepal on a Map - Statistics

General Stats
  • This quiz has been taken 101 times
  • The average score is 8 of 22
Answers on the Map
Answers color-coded by a green-red scale on the quiz's map according to % correct below.
 
Answer Stats
Wiki Monthly Views Cityquiz Mention Rate Population Answers % Correct
125.44K 46.07% 862.40K Kathmandu
99%
25.01K 1.77% 513.50K Pokhara
78%
7.46K - 79.14K Bhaktapur
55%
6.41K 0.67% 243.93K Biratnagar
55%
6.90K 1.86% 294.10K Lalitpur
54%
3.76K 0.49% 166.53K Dharan
42%
11.71K 0.39% 194.56K Janakpur
39%
3.18K 0.31% 164.44K Nepalgunj
39%
2.58K 0.18% 193.58K Hetauda
38%
4.33K 0.41% 272.38K Birgunj
36%
3.89K 0.33% 369.27K Bharatpur
34%
38.05K - 72.50K Lumbini Sanskritik
34%
1.97K 0.12% 197.24K Itahari
32%
4.33K 0.50% 194.34K Butwal
31%
2.94K 0.20% 198.79K Dhangadhi
31%
1.98K 0.12% 74.44K Siddharthanagar
19%
6.16K - 0.23K Lukla
16%
2.36K 0.05% 81.58K Kirtipur
15%
2.96K - 4.57K Nagarkot
14%
6.71K 0.06% 2.32K Namche Bazaar
14%
2.38K - 0.57K Lomanthang
12%
3.13K - 0.30K Langtang
7%
No matching quizzes found
Score Distribution
Percent of People with Each Score
Percentile by Number Answered
Your Score History
You have not taken this quiz